Rock/Metal Band By Album - Statistics

General Stats
  • This quiz has been taken 75 times
  • The average score is 19 of 40
Answer Stats
Hint Answer % Correct
Red Hot Chili Peppers Californication
95%
Nirvana Nevermind
92%
AC/DC Back In Black
90%
Metallica Master Of Puppets
90%
Black Sabbath Paranoid
81%
Motorhead Ace Of Spades
80%
Ozzy Osbourne Blizzard Of Ozz
75%
Iron Maiden The Number Of The Beast
71%
System Of A Down Toxicity
71%
Dio Holy Diver
68%
Rammstein Sehnsucht
64%
Alice In Chains Dirt
63%
Linkin Park Hybrid Theory
63%
Bon Jovi Slippery When Wet
63%
Limp Bizkit Chocolate Starfish And The Hot Dog Flavored Water
61%
Def Leppard Hysteria
61%
Megadeth Rust In Peace
61%
Pantera Vulgar Display Of Power
58%
Slayer Reign In Blood
53%
Judas Priest Painkiller
46%
Disturbed The Sickness
46%
Korn Follow The Leader
39%
Deftones White Pony
39%
Slipknot All Hope Is Gone
36%
Marilyn Manson Antichrist Superstar
36%
Rage Against The Machine Evil Empire
36%
Avenged Sevenfold Nightmare
34%
Rob Zombie Hellbilly Deluxe
29%
Anthrax Among The Living
27%
Evanescence Fallen
25%
Cannibal Corpse Tomb Of The Mutilated
24%
Type O Negative Bloody Kisses
22%
Venom Welcome To Hell
22%
Lamb Of God Ashes Of The Wake
15%
Sleep Token Take Me Back To Eden
15%
Fear Factory Demanufacture
12%
Static-X Wisconsin Death Trip
10%
Spiritbox Eternal Blue
8%
In Flames Foregone
5%
Iced Earth Something Wicked This Way Comes
5%
No matching quizzes found
Score Distribution
Percent of People with Each Score
Percentile by Number Answered
Your Score History
You have not taken this quiz